| 000 | 01047cam a22001814a 4500 | ||
|---|---|---|---|
| 005 | 20250605164030.0 | ||
| 008 | 250528s ||||||||||||||||||||||||d | ||
| 035 | _a16609 | ||
| 040 |
_aGR-AtMCL _bgre _dGR-AtMCL _eAACR2 |
||
| 245 | 1 | _aΕμπορικόν Δίκαιον / Προς Χρήσιν των Τριτοετών και επί Πτυχίω Φοιτητών | |
| 260 |
_bΤο Πολιτικόν, _c1969 |
||
| 300 | _a128 | ||
| 520 | _aΑντί Προλόγου, Η Εμπορική Πώλησις, Περί Αποθηκογράφων και Ενεχυρογράφων, Φορτωτική, Είδη Φορτωτικής Περί Ασφαλειών, Ιστορία - Κλάδοι και Διακρίσεις Ασφαλειών, Ιστορία της Συναλλαγής, Ιστορική Εξέλιξις εν Ελλάδι, Η Ασφαλιστική Σύμβασις, Λήξη της Ασφαλιστικής Συμβάσεως. | ||
| 700 | 1 |
_aΠαππάς Γρηγόριος _92693 |
|
| 942 | _cBK | ||
| 999 |
_c2090 _d2090 |
||